000
00296nam a22001337a 4500
008
260211b ||||| |||| 00| 0 eng d
020
_a
9789606632198002
041
_a
ital
080
_a
002
100
_a
20
101
_a
ital
245
_a
Un Giorno Diverso
_c
Marco Dominici
942
_2
lcc
_c
BK
999
_c
60770
_d
60770